Countryside quality counts (Record no. 117797)
[ view plain ]
| 000 -LEADER | |
|---|---|
| fixed length control field | 01197cam a2200241 4500 |
| 001 - CONTROL NUMBER | |
| control field | ABS68065 |
| 008 - FIXED-LENGTH DATA ELEMENTS--GENERAL INFORMATION | |
| fixed length control field | 040730n2004 000 0 eng u |
| 035 ## - SYSTEM CONTROL NUMBER | |
| System control number | (Sirsi) u126978 |
| 245 ## - TITLE STATEMENT | |
| Title | Countryside quality counts |
| 260 ## - PUBLICATION, DISTRIBUTION, ETC. | |
| Date of publication, distribution, etc. | 2004 |
| 490 ## - SERIES STATEMENT | |
| Series statement | Countryside Focus |
| Volume/sequential designation | (32) July/August 2004, 6(1) |
| 520 ## - SUMMARY, ETC. | |
| Summary, etc. | The Countryside Agency has unveiled the results of their research into the changing nature of the English countryside. The Countryside Quality Counts (CQC) project was launched two years ago in response to the government 2000 Rural White Paper for England (ISBN 0101490925). Briefly describes the setting up of the project, its methods and procedures and aims. Data from CQC can be viewed at www.countryside-quality-counts.org.uk. The results were incorporated into the Countryside Agency's "State of the countryside 2004" report which can be downloaded from www.countryside.gov.uk. |
| 590 ## - LOCAL NOTE (RLIN) | |
| Local note | ABS |
| 590 ## - LOCAL NOTE (RLIN) | |
| Local note | ABS |
| 650 ## - SUBJECT ADDED ENTRY--TOPICAL TERM | |
| Topical term or geographic name entry element | COUNTRYSIDE QUALITY COUNTS |
| 650 ## - SUBJECT ADDED ENTRY--TOPICAL TERM | |
| Topical term or geographic name entry element | RURAL CHARACTER |
| 650 ## - SUBJECT ADDED ENTRY--TOPICAL TERM | |
| Topical term or geographic name entry element | AGRICULTURAL PRACTICES |
| 650 ## - SUBJECT ADDED ENTRY--TOPICAL TERM | |
| Topical term or geographic name entry element | RURAL DEVELOPMENT |
| 650 ## - SUBJECT ADDED ENTRY--TOPICAL TERM | |
| Topical term or geographic name entry element | RURAL WHITE PAPER |
| 650 ## - SUBJECT ADDED ENTRY--TOPICAL TERM | |
| Topical term or geographic name entry element | QUALITY OF LIFE COUNTS |
| 690 ## - LOCAL SUBJECT ADDED ENTRY--TOPICAL TERM (OCLC, RLIN) | |
| Topical term or geographic name as entry element | RURAL |
| 9 (RLIN) | 6268 |
| 942 ## - ADDED ENTRY ELEMENTS (KOHA) | |
| Suppress in OPAC | 0 |
| Withdrawn status | Lost status | Source of classification or shelving scheme | Damaged status | Not for loan | Home library | Current library | Shelving location | Date acquired | Total Checkouts | Full call number | Barcode | Date last seen | Copy number | Price effective from | Koha item type |
|---|---|---|---|---|---|---|---|---|---|---|---|---|---|---|---|
| Dewey Decimal Classification | London | London | Journal article | 30/07/2004 | ABS68065 | 126978-1001 | 06/08/2019 | 1 | 06/08/2019 | Journal article |